000 00314nam a2200121Ia 4500
008 240731s9999 xx 000 0 und d
022 _a2476-1036
245 0 _aJournal of Contemporary East Asia Studies
260 _bRoutledge
856 _uhttps://www.tandfonline.com/loi/reas20
942 _2ddc
942 _cTFEJ
999 _c77577
_d77577
945 _a1
_bMadushi Gamage
_c1
_dMadushi Gamage